000
00334 a2200157 4500
001
148631
040
_c
Escola São Tomás de Aquino
100
_a
PACKARD, Mary
240
1
0
_a
Pocahontas
_l
por
245
1
0
_a
Pocahontas
300
_a
7
362
0
_a
2000
440
1
_a
Melhoramentos
697
_a
*LITERATURA INFANTO
942
_c
BK
999
_c
148631
_d
148631